Tinsley v Milligan (Record no. 35674)

MARC details
000 -LEADER
fixed length control field 01249cab a2200229 4500
001 - CONTROL NUMBER
control field ABS46470
008 - FIXED-LENGTH DATA ELEMENTS--GENERAL INFORMATION
fixed length control field 090401t1992 xxu||||| |||| 00| 0 eng d
035 ## - SYSTEM CONTROL NUMBER
System control number (Sirsi) u58435
041 ## - LANGUAGE CODE
Language code of text/sound track or separate title eng
245 ## - TITLE STATEMENT
Title Tinsley v Milligan
260 ## - PUBLICATION, DISTRIBUTION, ETC.
Date of publication, distribution, etc. 1992
350 ## - PRICE (NR) (BK AM CF MU VM SE) [OBSOLETE]
Price 0
490 ## - SERIES STATEMENT
Series statement Property and Compensation Reports
Volume/sequential designation (1992) 63 P&CR 152-178(14)
520 ## - SUMMARY, ETC.
Summary, etc. CA 30 July 1991. Joint owners of a boarding house separated, the plaintiff (T) leaving. The property was registered in her name only. Relying on the fact that her partner had formerly been involved in DSS housing benefit fraud, and would be unable to depend upon the existance of an illegal arrangement, T claimed possession and gave the defendant (M) notice to quit. M counterclaimed for an order of sale on the grounds that T held the house on trust for both of them. M`s victory at the first instance was repeated in the Court of Appeal, as the defence of minor illegality would be a lesser affront to justice than refusing relief to M who was entitled to a half share of the property.
650 ## - SUBJECT ADDED ENTRY--TOPICAL TERM
Topical term or geographic name entry element CLEAN HANDS
650 ## - SUBJECT ADDED ENTRY--TOPICAL TERM
Topical term or geographic name entry element CONSTRUCTIVE TRUST
650 ## - SUBJECT ADDED ENTRY--TOPICAL TERM
Topical term or geographic name entry element ILLEGAL CONTRACT
690 ## - LOCAL SUBJECT ADDED ENTRY--TOPICAL TERM (OCLC, RLIN)
Topical term or geographic name as entry element LAW
690 ## - LOCAL SUBJECT ADDED ENTRY--TOPICAL TERM (OCLC, RLIN)
Topical term or geographic name as entry element PROPERTY LAW AND PRACTICE-CASE LAW
942 ## - ADDED ENTRY ELEMENTS (KOHA)
Suppress in OPAC 0
948 ## - LOCAL PROCESSING INFORMATION (OCLC); SERIES PART DESIGNATOR (RLIN)
c (OCLC) 04/03/1997
Holdings
Withdrawn status Lost status Source of classification or shelving scheme Damaged status Not for loan Home library Current library Shelving location Date acquired Total Checkouts Full call number Barcode Date last seen Copy number Price effective from Koha item type
    Dewey Decimal Classification     London London Journal article 14/09/1999   ABS46470 58435-1001 06/08/2019 1 06/08/2019 Law report